UM Logo

Resolving information asymmetry : (Record no. 23841)

MARC details
000 -LEADER
fixed length control field 00844nam a22002057a 4500
003 - CONTROL NUMBER IDENTIFIER
control field OSt
005 - DATE AND TIME OF LATEST TRANSACTION
control field 20250918142845.0
008 - FIXED-LENGTH DATA ELEMENTS--GENERAL INFORMATION
fixed length control field 250918b |||||||| |||| 00| 0 eng d
040 ## - CATALOGING SOURCE
Transcribing agency 0
082 ## - DEWEY DECIMAL CLASSIFICATION NUMBER
Classification number Dper 658.421 En86 January-May 2017 v. 41 n. 1-3
100 ## - MAIN ENTRY--PERSONAL NAME
Personal name Courtney, Christopher.
Relator term author.
9 (RLIN) 67815
245 ## - TITLE STATEMENT
Title Resolving information asymmetry :
Remainder of title signaling, endorsement, and crowdfunding success /
Statement of responsibility, etc. Christopher Courtney, Supradeep Dutta, and Yong Li.
260 ## - PUBLICATION, DISTRIBUTION, ETC. (IMPRINT)
Place of publication, distribution, etc. Hoboken ;
Name of publisher, distributor, etc. Wiley Blackwell ,
Date of publication, distribution, etc. March 2017.
300 ## - PHYSICAL DESCRIPTION
Extent Volume 41, pages 265-290 :
Other physical details illustration ;
Dimensions 25 cm.
500 ## - GENERAL NOTE
General note Entrepreneurship : Theory and Practice, vol. 41, no. 2, pages 265-290, March 2017.
700 ## - ADDED ENTRY--PERSONAL NAME
Personal name Courtney, Christopher.
Relator term author.
9 (RLIN) 67815
710 ## - ADDED ENTRY--CORPORATE NAME
Corporate name or jurisdiction name as entry element Dutta, Supradeep.
Relator term author.
9 (RLIN) 67818
711 ## - ADDED ENTRY--MEETING NAME
Meeting name or jurisdiction name as entry element Li, Yong.
Relator term author.
9 (RLIN) 67819
942 ## - ADDED ENTRY ELEMENTS (KOHA)
Source of classification or shelving scheme Dewey Decimal Classification
Koha item type Periodicals
Holdings
Withdrawn status Lost status Source of classification or shelving scheme Damaged status Not for loan Collection code Home library Current library Date acquired Total Checkouts Full call number Date last seen Price effective from Koha item type Public note
    Dewey Decimal Classification     Periodicals UM Digos College - LIC UM Digos College - LIC 09/18/2025   Dper 658.421 En86 January-May 2017 v. 41 n. 1-3 09/18/2025 09/18/2025 Periodicals Periodical Article.